| 000 | 00767nam a2200265 i 4500 | ||
|---|---|---|---|
| 001 | 47867 | ||
| 003 | ES-MaACL | ||
| 005 | 20250814063214.0 | ||
| 007 | t| | ||
| 008 | 030623s2002 sp ||||0| spa j | ||
| 020 | _a84-8307-431-1 | ||
| 040 |
_aM-BN _bspa _cM-BN |
||
| 080 | _a616.895.4 | ||
| 100 | 1 |
_aCastilla del Pino, Carlos, _d1922-2009 _936651 |
|
| 245 | 1 | 3 |
_aUn estudio sobre la depresión / _cCarlos Castilla del Pino. |
| 250 | _a1ª ed. en esta colección. | ||
| 260 |
_aBarcelona : _bPenínsula, _c2002. |
||
| 300 |
_a591 p ; _c24 cm. |
||
| 490 | 1 |
_aAtalaya ; _v87 |
|
| 500 | _aIndice. | ||
| 650 | 1 | 4 |
_aDepresión mental. _911597 |
| 830 | 0 |
_aAtalaya ; _v87 _9180261 |
|
| 852 |
_aES-MaACL _jL-26421 _bR.131465 |
||
| 999 |
_c47867 _d47867 |
||